LIBRARY ONLINE CATALOGUE

Community pharmacy handbook / (Record no. 4178)

MARC details
000 -LEADER
fixed length control field 00574nam a22002052 4500
001 - CONTROL NUMBER
control field 0000020757
005 - DATE AND TIME OF LATEST TRANSACTION
control field 20151217145927.0
008 - FIXED-LENGTH DATA ELEMENTS--GENERAL INFORMATION
fixed length control field 111012s xx 000 0 eng d
020 ## - INTERNATIONAL STANDARD BOOK NUMBER
International Standard Book Number 0853697169 :
040 ## - CATALOGING SOURCE
Original cataloging agency KABU
Transcribing agency KABU
100 1# - MAIN ENTRY--PERSONAL NAME
Personal name Waterfield, Jon.
-- 0000181313
245 10 - TITLE STATEMENT
Title Community pharmacy handbook /
Statement of responsibility, etc. Jon Waterfield.
250 ## - EDITION STATEMENT
Edition statement 1st ed.
260 ## - PUBLICATION, DISTRIBUTION, ETC. (IMPRINT)
Place of publication, distribution, etc. London :
Name of publisher, distributor, etc. PhP,
Date of publication, distribution, etc. 2008.
300 ## - PHYSICAL DESCRIPTION
Extent xiv, 287 p.
650 #0 - SUBJECT ADDED ENTRY--TOPICAL TERM
Topical term or geographic name as entry element Pharmacy management.
-- 0000181314
852 1# - LOCATION
-- p4494 KES
908 ## - PUT COMMAND PARAMETER (RLIN)
Put command parameter 111012
950 ## - LOCAL HOLDINGS (RLIN)
-- 1
Holdings
Withdrawn status Lost status Source of classification or shelving scheme Not for loan Home library Current library Date acquired Total Checkouts Full call number Barcode Date last seen Date last checked out Price effective from Koha item type
    Library of Congress Classification   Kabarak, Main Campus Kabarak, Main Campus 17/12/2015 2 RS100 .W38 2008 c. 1 21713 12/11/2021 12/11/2021 17/12/2015 General Collection